| 000 | 00612nam a2200169Ia 4500 | ||
|---|---|---|---|
| 008 | 090201s9999 xx 000 0 und d | ||
| 010 | _aKPL-45103 | ||
| 040 | _bमराठी | ||
| 041 | _aमराठी | ||
| 082 |
_a11758 _b45103 |
||
| 100 | _aसेतुमाधवराव पगडी | ||
| 245 |
_aकाश्मीर एक ज्वालामुखी _cसेतुमाधवराव पगडी |
||
| 260 |
_c2004 _bपरचुरे प्रकाशन |
||
| 300 |
_a162 _bमोठा |
||
| 600 | _aकाश्मीर एक ज्वालामुखी | ||
| 942 | _cBOOK | ||
| 999 |
_c212139 _d212139 |
||